CULTURAL ANTHROPOLOGY (Record no. 16793)

MARC details
000 -LEADER
fixed length control field 00418nam a22001817a 4500
003 - CONTROL NUMBER IDENTIFIER
control field OSt
005 - DATE AND TIME OF LATEST TRANSACTION
control field 20211104154433.0
008 - FIXED-LENGTH DATA ELEMENTS--GENERAL INFORMATION
fixed length control field 211104b |||||||| |||| 00| 0 eng d
020 ## - INTERNATIONAL STANDARD BOOK NUMBER
International Standard Book Number 0155082434
040 ## - CATALOGING SOURCE
Transcribing agency HU
082 ## - DEWEY DECIMAL CLASSIFICATION NUMBER
Classification number 305.8901/HAV
100 ## - MAIN ENTRY--PERSONAL NAME
Personal name HAVILAND
9 (RLIN) 16975
245 ## - TITLE STATEMENT
Title CULTURAL ANTHROPOLOGY
250 ## - EDITION STATEMENT
Edition statement 9TH
260 ## - PUBLICATION, DISTRIBUTION, ETC.
Place of publication, distribution, etc. NEW YORK
Name of publisher, distributor, etc. HARCOURT BRACE
Date of publication, distribution, etc. 1999
300 ## - PHYSICAL DESCRIPTION
Extent 513P
942 ## - ADDED ENTRY ELEMENTS (KOHA)
Source of classification or shelving scheme Dewey Decimal Classification
Koha item type Books like text book referance book
Suppress in OPAC No
Holdings
Withdrawn status Lost status Source of classification or shelving scheme Damaged status Not for loan Home library Current library Shelving location Date acquired Total Checkouts Full call number Barcode Date last seen Copy number Price effective from Koha item type
    Dewey Decimal Classification     Social Library Social Library General Stacks 11/04/2021   305.8901/HAV SHLIB00002350 11/04/2021 1 11/04/2021 Books like text book referance book